| 000 -LEADER |
| fixed length control field |
03555 a2200313 4500 |
| 003 - CONTROL NUMBER IDENTIFIER |
| control field |
OSt |
| 005 - DATE AND TIME OF LATEST TRANSACTION |
| control field |
20180116192346.0 |
| 008 - FIXED-LENGTH DATA ELEMENTS--GENERAL INFORMATION |
| fixed length control field |
120529t xxu||||| |||| 00| 0 eng d |
| 020 ## - INTERNATIONAL STANDARD BOOK NUMBER |
| International Standard Book Number |
9774162447 (hardcover) |
| 020 ## - INTERNATIONAL STANDARD BOOK NUMBER |
| International Standard Book Number |
9789774162442 (hardcover) |
| 040 ## - CATALOGING SOURCE |
| Transcribing agency |
0 |
| 082 04 - DEWEY DECIMAL CLASSIFICATION NUMBER |
| Classification number |
721 |
| 100 1# - MAIN ENTRY--PERSONAL NAME |
| Personal name |
O'Kane, Bernard. |
| 9 (RLIN) |
2548 |
| 245 10 - TITLE STATEMENT |
| Title |
Creswell photographs re-examined : |
| Remainder of title |
new perspectives on islamic architecture / |
| Statement of responsibility, etc. |
Bernard O'Kane and American University in Cairo |
| 260 ## - PUBLICATION, DISTRIBUTION, ETC. |
| Place of publication, distribution, etc. |
New York : |
| Name of publisher, distributor, etc. |
American University in Cairo Press, |
| Date of publication, distribution, etc. |
2009. |
| 300 ## - PHYSICAL DESCRIPTION |
| Extent |
416 p. : |
| Other physical details |
ill. ; |
| Dimensions |
24 cm. |
| 500 ## - GENERAL NOTE |
| General note |
Includes photos from the Creswell collection which was acquired by the American University in Cairo in 1956. |
| 505 ## - FORMATTED CONTENTS NOTE |
| Formatted contents note |
The citadel of Cairo in the Ayyubid Period and the development of thirteenth-century fortifications: a reconsideration / Tarek Galal Abdel-Hamid -- An ode to remember: the Burda of al-Busiri in Cairene Ottoman houses / Noha Abou-Khatwa -- The mosque of Mustafa Shurbagi Mirza: reasserting Egypt's Mamluk roots / Conchita Añorve-Tschirgi -- The Madrasa of Umm al-Sultan Shaʹban before and after Creswell / Dina Ishak Bakhoum -- Archival photography and the formulation of conservation policy: the case of Manzil Qaytbay / Nairy Hampikian and May al-Ibrashy -- The Turba of Azdumur in the northern cemetery of Cairo / Hani Hamza -- The Mamluk Mosque of Amir Husayn: a reconstruction / Chihinda Karim -- Modes of utilizing Qurʹanic inscriptions on Cairene Mamluk religious monuments / Dina Montasser -- The great mosque of Hama redux / Bernard O'Kane -- A study of the unintended in Creswell's photographs: the architecture of the nineteenth and twentieth centuries, and the continuity of building traditions / Seif El Rashidi -- The works of Sultan al-Ghuri in Khan al-Khalili: analysis and reconstruction of the covered market / Ola Seif -- Detecting the past: K.A.C. Creswell, photography, and the landscape of Cairo / Nicholas Warner. |
| 520 ## - SUMMARY, ETC. |
| Summary, etc. |
The Creswell photographic archive at the American University in Cairo is an invaluable resource of over 12,000 printed images of Islamic architecture, mainly in Cairo, but also including buildings in other important cities such as C�rdoba and Baghdad. Creswell's own photographs constitute the majority of the collection, but he also assembled work by photographers active in the decades before he began his systematic recording in the 1920s. The AUC archive is unique because it includes the work of other photographers as well as Creswell images unavailable elsewhere, some recording buildings that no longer exist. This volume of collected studies seeks to highlight the value of this collection for scholars, who can examine the visual evidence of architecture now destroyed or altered in order to better understand various aspects of these significant buildings. Contributors discuss such issues as epigraphy in domestic and religious architecture, employing early photographs as guides for modern restoration, and military architecture. |
| 600 10 - SUBJECT ADDED ENTRY--PERSONAL NAME |
| Personal name |
Creswell, K. A. C. (Keppel Archibald Cameron), Sir |
| Dates associated with a name |
1879. |
| Geographic subdivision |
Egypt |
| 9 (RLIN) |
2549 |
| 650 10 - SUBJECT ADDED ENTRY--TOPICAL TERM |
| Topical term or geographic name entry element |
Islamic architecture |
| 9 (RLIN) |
2550 |
| 650 10 - SUBJECT ADDED ENTRY--TOPICAL TERM |
| Topical term or geographic name entry element |
Islamic decoration and ornament |
| 9 (RLIN) |
2551 |
| 650 10 - SUBJECT ADDED ENTRY--TOPICAL TERM |
| Topical term or geographic name entry element |
Architectural photography |
| Geographic subdivision |
Egypt |
| 9 (RLIN) |
2552 |
| 651 #0 - SUBJECT ADDED ENTRY--GEOGRAPHIC NAME |
| Geographic name |
Middle East |
| General subdivision |
Cairo |
| 9 (RLIN) |
2553 |
| 710 0# - ADDED ENTRY--CORPORATE NAME |
| Corporate name or jurisdiction name as entry element |
American University in Cairo. |
| 9 (RLIN) |
2554 |
| 856 40 - ELECTRONIC LOCATION AND ACCESS |
| Materials specified |
Amazon.com |
| Uniform Resource Identifier |
<a href="http://www.amazon.com/exec/obidos/ASIN/9774162447/chopaconline-20">http://www.amazon.com/exec/obidos/ASIN/9774162447/chopaconline-20</a> |
| 942 ## - ADDED ENTRY ELEMENTS (KOHA) |
| Institution code [OBSOLETE] |
SADA |
| Koha item type |
Book |
| Call number prefix |
721 OKA 2009 |
| Source of classification or shelving scheme |
|